[Event "POL-chT U19 2nd League"]
[Site "Szczyrk"]
[Date "2014.07.25"]
[Round "1.54"]
[White "Raczykowska, Paulina"]
[Black "Frej, Hanna"]
[Result "1-0"]
[WhiteElo "1242"]
[BlackElo "1356"]
[PlyCount "121"]
[EventDate "2014.07.25"]
[EventType "team-swiss"]
[EventRounds "11"]
[EventCountry "POL"]
[SourceTitle "EXT 2015"]
[Source "ChessBase"]
[SourceDate "2014.11.20"]
[SourceVersion "1"]
[SourceVersionDate "2014.11.20"]
[SourceQuality "1"]
[WhiteTeam "Kozuchow Odrodzenie U19"]
[BlackTeam "Wroclaw MUKS MDK Srodmiescie U19 II"]
[WhiteTeamCountry "POL"]
[BlackTeamCountry "POL"]

1. e4 d5 2. exd5 Nf6 3. d4 Nxd5 4. Nf3 Bf5 5. c3 e6 6. Be2 Be7 7. 0-0 0-0 8. Nbd2 Nc6 9. Re1 Re8 10. Nf1 a6 11. Ne3 Nxe3 12. Bxe3 Qd7 13. h3 Rad8 14. Bd3 Bxd3 15. Qxd3 e5 16. Qc2 exd4 17. Nxd4 Nxd4 18. Bxd4 c5 19. Be3 h6 20. Rad1 Qc7 21. Qa4 Kf8 22. Bf4 Qc8 23. Qc2 Kg8 24. Rxd8 Qxd8 25. Qe4 Qd7 26. Re2 f5 27. Qc4+ Kf8 28. Rd2 Qc6 29. Rd5 b6 30. Rxf5+ Bf6 31. Qd3 c4 32. Qd2 Qe4 33. Rd5 Qb1+ 34. Kh2 Qxa2 35. Bxh6 Re5 36. Rxe5 Bxe5+ 37. Bf4 Bxf4+ 38. Qxf4+ Kg8 39. Qb8+ Kh7 40. Qxb6 Qb1 41. Qxa6 Qxb2 42. Qxc4 Qxf2 43. Qe4+ g6 44. c4 Qb6 45. Qe7+ Kh6 46. c5 Qb8+ 47. Qd6 Qb4 48. Qc7 Qd2 49. c6 Kg5 50. Qe5+ Kh6 51. c7 Qc2 52. Qh8+ Kg5 53. c8Q Qxc8 54. Qxc8 Kh6 55. h4 Kh5 56. Kh3 g5 57. Qg4+ Kg6 58. Qxg5+ Kh7 59. h5 Kh8 60. h6 Kh7 61. Qg7# 1-0

[Event "POL Olympiad U12 Girls"]
[Site "Walbrzych"]
[Date "2013.??.??"]
[Round "6.16"]
[White "Krzysztynska, Anna"]
[Black "Raczykowska, Paulina"]
[Result "1-0"]
[WhiteElo "1320"]
[BlackElo "1127"]
[PlyCount "79"]
[EventDate "2013.04.??"]
[EventType "team-swiss"]
[EventRounds "9"]
[EventCountry "POL"]
[SourceTitle "EXT 2015"]
[Source "ChessBase"]
[SourceDate "2014.11.20"]
[SourceVersion "1"]
[SourceVersionDate "2014.11.20"]
[SourceQuality "1"]

1. e4 e5 2. Nf3 Nc6 3. Bb5 a6 4. Ba4 Nf6 5. 0-0 b5 6. Bb3 Bc5 7. d3 h6 8. c3 d6 9. Be3 Ba7 10. Nbd2 0-0 11. d4 exd4 12. cxd4 Re8 13. h3 Bd7 14. Qc2 Nb4 15. Qc3 a5 16. a3 Nc6 17. e5 dxe5 18. dxe5 Nh7 19. Bd5 Bxe3 20. fxe3 Ra6 21. Qb3 Qe7 22. Qxb5 Rb6 23. Qc4 Be6 24. Bxe6 Qxe6 25. Qf4 Rxb2 26. Nd4 Nxd4 27. exd4 Rd8 28. Rac1 Rb7 29. Rf3 c6 30. Rfc3 Rbd7 31. Nf3 Rc8 32. Rc5 g5 33. Qd2 Qf5 34. Qxa5 Qe6 35. Qb6 Qg6 36. Rxc6 Rxc6 37. Rxc6 Qf5 38. Rd6 Rxd6 39. exd6 Qd7 40. Qc7 1-0

[Event "POL Olympiad U12 Girls"]
[Site "Walbrzych"]
[Date "2013.??.??"]
[Round "5.19"]
[White "Raczykowska, Paulina"]
[Black "Lascar, Maria Elena"]
[Result "1-0"]
[WhiteElo "1127"]
[BlackElo "1363"]
[PlyCount "99"]
[EventDate "2013.04.??"]
[EventType "team-swiss"]
[EventRounds "9"]
[EventCountry "POL"]
[SourceTitle "EXT 2015"]
[Source "ChessBase"]
[SourceDate "2014.11.20"]
[SourceVersion "1"]
[SourceVersionDate "2014.11.20"]
[SourceQuality "1"]

1. e4 c5 2. Nf3 a6 3. d4 cxd4 4. Nxd4 Nf6 5. Nc3 e5 6. Nf3 Bb4 7. Bd2 0-0 8. Bd3 Nc6 9. 0-0 Bxc3 10. Bxc3 Re8 11. Re1 d5 12. exd5 Qxd5 13. Ng5 g6 14. Be4 Qxd1 15. Raxd1 h6 16. Bxc6 bxc6 17. Bxe5 Nd7 18. Nf3 g5 19. Bc3 Rxe1+ 20. Rxe1 Kf8 21. Bb4+ c5 22. Ba5 Rb8 23. b3 Rb5 24. Bc3 g4 25. Nh4 Nb8 26. Be5 Nd7 27. Bd6+ Kg8 28. Re8+ Kh7 29. Rxc8 Rb4 30. c4 a5 31. h3 gxh3 32. gxh3 a4 33. Rd8 Nf6 34. Be5 Ng8 35. Rc8 axb3 36. axb3 Rxb3 37. Rxc5 Rxh3 38. Bg3 Nf6 39. Kg2 Ne4 40. Kxh3 Nxc5 41. Nf3 Kg6 42. Kg4 h5+ 43. Kf4 Kf6 44. Bh4+ Kg6 45. Ne5+ Kg7 46. Nf3 Kg6 47. Ke5 Nd3+ 48. Kd5 Kf5 49. Bg3 Nb4+ 50. Kc5 1-0